000 01385nam a2200349 a 4500
999 _c783
_d783
003 BLK
005 20250325113352.0
008 180412b bul|||||r ||||||| ||bul||
010 _aKNG00001382000
040 _aBLK
041 _aBUL
_cBUL
080 _aАнглийска литература
_b821.111
_x-31
_z821.111-31
100 1 _aЛоримър, Клер
_eпърви автор
_9242144
139 _aЛоримър, Клер
_bЛ 83
245 1 0 _aГосподарката
_b[Роман]
_cКлер Лоримър; прев. Лилия Божкова; прев. Радослав Христов.
257 _aGBR
260 _aСофия
_bБард
_c1994
300 _a696 с.
_c21 см
380 _aX
490 1 _aИзбрани любовни саги
500 _aОриг. загл. The Chatelaine / Claire Lorrimer. - Кн. е ч. 1 от поредицата Сага за Рошфорд. - 3 000 тир.
653 _aромани
700 1 _aБожкова, Лилия
_eпрев.
_9243029
700 1 _aХристов, Радослав
_eпрев.
_9242154
852 _aЦб 175114
_bЦб
856 4 _qpdf
_u
_i0.00
_ldisable
856 4 _qpdf
_u
_i0.00
_ldisable
942 _cKNG
_n0
_014
_s1
944 _aCR
_c15.01.2003
_lМартин Енчев
_k30575
944 _aED
_c07.03.2016
_lф /
_kЛюдмила_Стоянова
999 _d783